000
00260nam a2200133Ia 4500
100
_a
#N/A
650
_a
Computers
942
_c
BK
654
_a
FLASH 5
245
_a
Flash 5 Bible
260
_b
JDG PUBLISHER
_a
New Delhi
082
_b
REI
546
_a
ENGLISH
999
_c
33579
_d
33579